banner-ar

خليج السكندرية واثارة الاقتصادية والاجتماعية والعمرانية فى العصر العثمانى (1517م - 1802 م) : (Record no. 65702)

MARC details
000 -الفاتح
حقل البيانات ثابتة الطول 01083nam a22002297a 4500
005 - وقت وتاريخ اخر تعامل مع التسجيلة
رقم الضبط 20240530110839.0
008 - عناصر البيانات ثابتة الطول - معلومات عامة
حقل البيانات ثابتة الطول 191215s2008 ua a f b 000 0 ara d
017 ## - رقم الايداع القانونى
رقم الايداع القانونى 2008/2942
المصدر ( الهيئة المختصة) مصر. دار الكتب
040 ## - مصدر الفهرسة
وكالة الفهرسة الأصلية EG-CaGPL
وكالة النسخ EG-CaGPL
082 04 - رقم تصنيف ديوى العشرى
رقم الطبعة 21
رقم التصنيف 916.211
رقم المادة ق / ا خ
100 0# - المدخل الرئيسى - إسم شخصى
الإسم الشخصى ايمن احمد محمد محمود
245 10 - بيان العنوان
العنوان خليج السكندرية واثارة الاقتصادية والاجتماعية والعمرانية فى العصر العثمانى (1517م - 1802 م) :
بقية العنوان دراسة تاريخية وثائقية /
بيان المسئوليه,etc تاليف ايمن احمد محمد محمود
250 ## - بيان الطبعة
بيان الطبعة ط .1
260 ## - PUBLICATION, DISTRIBUTION, ETC. (IMPRINT)
تاريخ النشر أو التوزيع 2008
300 ## - الوصف المادى
التعداد 167 ص . :
تفاصيل ماديه اخرى للوعاء ايض . ؛
أبعاد الوعاء 24 سم .
490 #0 - بيان السلسلة
عنوان السلسلة صفحات من تاريخ مدينة الاسكندرية .
504 ## - تبصرة ببليوجرافية
تبصرة ببليوجرافية,الخ يشمل على ارجاعات ببليوجرافية
650 07 - المدخل الاضافى بالموضوع-مصطلح موضوعى
مصدر الرأس أو المصطلح qrmak
مصطلح موضوعي خليج اسكندرية
التقسيم الفرعي الزمني العصر العثمانى
651 ## - المدخل الاضافى بالموضوع - اسم جغرافى
مصدر الرأس أو المصطلح qrmak
942 ## - عناصر المدخل الإضافي( كوها)
مصدر التصنيف او مخطط الترفيف Dewey Decimal Classification
Koha [default] item type كتاب
260 ## - PUBLICATION, DISTRIBUTION, ETC. (IMPRINT)
-- القاهرة :
-- مصر العربية للنشر والتوزيع،
Holdings
حالة التراجع حالة الفقد حالة تلف ليس للاعارة المكان المؤقت الموقع الحالى موقع الترفيف تاريخ الاكتساب اجمالي اﻻعارات رقم الطلب الباركود تاريخ اخر مشاهدة تاريخ تفعيل السعر نوع وعاء كوها
        مكتبة القاهرة الكبرى مكتبة القاهرة الكبرى   12/15/2019   916.211 ق / ا خ 166813 12/15/2019 12/15/2019 كتاب

Powered By

EGPV